The handbook of Palestine and Trans-Jordan / (Record no. 78062)
[ view plain ]
| 000 -LEADER | |
|---|---|
| campo de control de longitud fija | 00679nam a2200205 i 4500 |
| 001 - NÚMERO DE CONTROL | |
| campo de control | 78062 |
| 003 - IDENTIFICADOR DE NÚMERO DE CONTROL | |
| campo de control | ES-MaACL |
| 005 - FECHA Y HORA DE LA ÚLTIMA TRANSACCIÓN | |
| campo de control | 20230906173525.0 |
| 007 - CAMPO FIJO DE DESCRIPCIÓN FÍSICA--INFORMACIÓN GENERAL | |
| campo de control de longitud fija | t| |
| 008 - DATOS DE LONGITUD FIJA--INFORMACIÓN GENERAL | |
| campo de control de longitud fija | 041011s1934 xxk ||||1| eng d |
| 245 04 - MENCIÓN DEL TÍTULO | |
| Título | The handbook of Palestine and Trans-Jordan / |
| Mención de responsabilidad, etc. | edited by Harry Luke and Edward Keith-Roads ; with introductions by Arthur Wanchope and Herbert Samuel. |
| 250 ## - MENCION DE EDICION | |
| Mención de edición | 3rd ed. |
| 260 ## - PUBLICACIÓN, DISTRIBUCIÓN, ETC. | |
| Lugar de publicación, distribución, etc. | London : |
| Nombre del editor, distribuidor, etc. | Macmillan and Cº Limited, |
| Fecha de publicación, distribución, etc. | 1934. |
| 300 ## - DESCRIPCIÓN FÍSICA | |
| Extensión | XVI, 540 p. ; |
| Dimensiones | 19 cm. |
| 700 1# - ENTRADA AGREGADA--NOMBRE PERSONAL | |
| Nombre de persona | Luke, Harry. |
| 9 (RLIN) | 74721 |
| 700 1# - ENTRADA AGREGADA--NOMBRE PERSONAL | |
| Nombre de persona | Keith-Roads, Edward. |
| 9 (RLIN) | 67741 |
| 700 1# - ENTRADA AGREGADA--NOMBRE PERSONAL | |
| Nombre de persona | Wanchope, Arthur. |
| 9 (RLIN) | 116038 |
| 700 1# - ENTRADA AGREGADA--NOMBRE PERSONAL | |
| Nombre de persona | Samuel, Herbert. |
| 9 (RLIN) | 102215 |
| 852 ## - LOCALIZACIÓN | |
| Ubicación | ES-MaACL |
| Número de control de estantería | A-3708 |
| Estatus retirado | Estado de pérdida | Estado de daño | No para préstamo | Biblioteca de origen | Biblioteca actual | Ubicación en estantería | Fecha de adquisición | Fuente de adquisición | Total de préstamos | Signatura topográfica completa | Código de barras | Visto por última vez | Precio de reemplazo | Tipo de ítem Koha |
|---|---|---|---|---|---|---|---|---|---|---|---|---|---|---|
| Biblioteca del Ateneo de Madrid | Biblioteca del Ateneo de Madrid | Sala Pecera Planta 1 | 17/01/2008 | A-3708 | 1081663 | 23/02/2023 | 23/02/2023 | Libro impreso |
